|
|
|
|
| LEADER |
00000naa2a2200000 4500 |
| 001 |
612022 |
| 005 |
20260420140134.0 |
| 035 |
|
|
|a (RuTPU)RU\TPU\conf\10024
|
| 035 |
|
|
|a RU\TPU\conf\10023
|
| 090 |
|
|
|a 612022
|
| 100 |
|
|
|a 20150429d2015 k y0rusy50 ca
|
| 101 |
0 |
|
|a rus
|
| 102 |
|
|
|a RU
|
| 135 |
|
|
|a drgn ---uucaa
|
| 181 |
|
0 |
|a i
|
| 182 |
|
0 |
|a b
|
| 200 |
1 |
|
|a Меры безопасности при выбросе газообразного хлора. Хлор - один из химически опасных и вредных производственных факторов
|f С. С. Атанов
|g науч. рук. А. Г. Мальчик
|
| 203 |
|
|
|a Текст
|c электронный
|
| 215 |
|
|
|a 1 файл(293 Кб)
|
| 225 |
1 |
|
|a Экология, безопасность и охрана труда на предприятии
|
| 300 |
|
|
|a Заглавие с экрана
|
| 320 |
|
|
|a [Библиогр.: с. 755 (3 назв.)]
|
| 337 |
|
|
|a Adobe Reader
|
| 463 |
|
1 |
|0 (RuTPU)RU\TPU\conf\9525
|t Прогрессивные технологии и экономика в машиностроении
|o сборник трудов VI Всероссийской научно-практической конференции для студентов и учащейся молодежи, 9-11 апреля 2015 г., Юрга
|f Национальный исследовательский Томский политехнический университет (ТПУ), Юргинский технологический институт (ЮТИ) ; под ред. Д. А. Чинахова
|v [С. 752-755]
|d 2015
|
| 610 |
1 |
|
|a электронный ресурс
|
| 610 |
1 |
|
|a труды учёных ТПУ
|
| 610 |
1 |
|
|a выбросы
|
| 610 |
1 |
|
|a хлор
|
| 610 |
1 |
|
|a вредные факторы
|
| 700 |
|
1 |
|a Атанов
|b С. С.
|
| 702 |
|
1 |
|a Мальчик
|b А. Г.
|c специалист в области экологии и безопасности жизнедеятельности
|c доцент Юргинского технологического института Томского политехнического университета, кандидат технических наук
|f 1970-
|g Александра Геннадьевна
|4 727
|
| 712 |
0 |
2 |
|a Национальный исследовательский Томский политехнический университет (ТПУ)
|b Юргинский технологический институт (филиал) (ЮТИ)
|b Кафедра безопасности жизнедеятельности, экологии и физического воспитания (БЖДЭФВ)
|3 (RuTPU)RU\TPU\col\18930
|
| 801 |
|
1 |
|a RU
|b 63413507
|c 20101016
|
| 801 |
|
2 |
|a RU
|b 63413507
|c 20210212
|g RCR
|
| 856 |
4 |
|
|u http://earchive.tpu.ru/handle/11683/17883
|
| 856 |
4 |
|
|u http://www.lib.tpu.ru/fulltext/c/2015/C57/328.pdf
|
| 942 |
|
|
|c BK
|